Transformácia nového mestského centra Brna.

Saved in:
Bibliographic Details
Main Author: Sadleková, Juliana (Author)
Other Authors: Vitková, Ľubica (Thesis advisor)
Format: Manuscript Book
Language:Slovak
Published: Bratislava 2016
Subjects:
Online Access:http://is.stuba.sk/zp/portal_zp.pl?podrobnosti=121732
Tags: Add Tag
No Tags, Be the first to tag this record!

MARC

LEADER 00000ntm a22000003a 4500
001 stuzp59453
003 SK-STU
005 20210225122331.5
007 ta
008 150427s2015----xo-----f-mn---000-0-slo-d
040 |a STU  |b slo 
041 0 |a slo 
100 1 |a Sadleková, Juliana  |u 056160  |4 aut  |U FAD Fakulta architektúry  |T FA Ústav urbanizmu a územného plánovania  |X 53388  |U A6160  |Y 397  |7 A000053388 
242 0 1 |a Transform new Brno center  |y eng 
245 1 0 |a Transformácia nového mestského centra Brna. 
260 |c 2016  |a Bratislava 
650 4 |a Nová štvrť  |2 slo 
650 4 |a futuristický nádych  |2 slo 
650 4 |a potenciál územia  |2 slo 
650 4 |a the potential of the territory  |2 eng 
650 4 |a futuristic touch,  |2 eng 
650 4 |a New district,  |2 eng 
700 1 |a Vitková, Ľubica  |u 056160  |k Z1  |4 ths  |U FAD Fakulta architektúry  |T FA Ústav urbanizmu a územného plánovania  |X 447  |U A6160  |Y 397  |7 A000000447 
856 4 |u http://is.stuba.sk/zp/portal_zp.pl?podrobnosti=121732  |u https://opac.crzp.sk/?fn=detailBiblioForm&sid=FFEED6484134604A3D75ADB88729 
SQL |a stuzp59453  |b DDP  |c SLO  |d Transformácia nového mestského centra Brna.  |e 53388  |f Sadleková, Juliana  |g 056160  |h 447  |i Vitková, Ľubica  |j 20160602  |k 159  |l 05  |m http://is.stuba.sk/zp/portal_zp.pl?podrobnosti=121732  |n I-URB  |o 5.1.1. architektúra a urbanizmus